Derechos humanos y relaciones internacionales

Збережено в:
Бібліографічні деталі
Автор: Sánchez G., Walter (Автор)
Формат: Книга
Мова:Іспанська
Опубліковано: Santiago ICHEH 1979
Предмети:
Теги: Додати тег
Немає тегів, Будьте першим, хто поставить тег для цього запису!

MARC

LEADER 00000nam a2200000 a 4500
001 UCO4767
003 CL-VaPUC
008 000811e19790000CL |||||||||||||||||spa|d
082 0 4 |a 327  |b SAN  |2 21 
100 0 |a Sánchez G., Walter  |e author  |9 449400 
245 1 0 |a Derechos humanos y relaciones internacionales 
300 |a 240 p 
942 |c BK 
945 |d 20000811 00:00:00  |a crobeson 
260 |a Santiago  |b ICHEH  |c 1979 
650 0 |a Relaciones Internacionales  |9 255740 
650 0 |a Derechos humanos  |9 223025 
650 0 |a Terrorismo   |9 255070 
650 0 |a Seguridad nacional  |9 317752 
650 0 |a Política internacional  |9 255813 
583 |a last modification  |c 20151117 18:49:38  |k Rodrigo Vera 
999 |c 290763  |d 290761 
952 |0 0  |1 0  |4 0  |6 327_000000000000000_SAN_1979  |7 0  |8 A  |9 340332  |a BIBGIM  |b BIBGIM  |d 2019-11-20  |i 3604144  |o 327 SAN 1979  |p 3604144  |r 2025-01-15  |w 2019-11-20  |y BK  |k ORI